Statistics for Länder i Oceanien

Click here to take the quiz!

General Stats

  • This quiz has been taken 205 times
  • The average score is 10 of 14

Answer Stats

Answer% Correct
Australien
96%
Nya Zeeland
89%
Fiji
83%
Samoa
73%
Tuvalu
73%
Tonga
71%
Mikronesiens federerade stater
69%
Marshallöarna
68%
Palau
67%
Kiribati
66%
Nauru
63%
Salomonöarna
49%
Vanuatu
49%
Papua Nya Guinea
48%

Score Distribution

Percentile by Number Answered

Percent of People with Each Score

Your Score History

You have not taken this quiz